Manual de derecho civil
Guardat en:
| Autor principal: | |
|---|---|
| Format: | Llibre |
| Idioma: | espanyol |
| Publicat: |
Santiago
Jurídica de Chile
1962
|
| Col·lecció: | Manuales jurídicos, 3, 5, 22, 44
|
| Matèries: | |
| Etiquetes: |
Afegir etiqueta
Sense etiquetes, Sigues el primer a etiquetar aquest registre!
|
MARC
| LEADER | 00000nam a2200000 a 4500 | ||
|---|---|---|---|
| 001 | UCY0885 | ||
| 003 | CL-VaPUC | ||
| 008 | 940816e19620000CL |||||||||||||||||spa|d | ||
| 082 | 0 | 4 | |a 346 |b PES |2 21 |
| 100 | |a Pescio Vargas, Victorio |e autor |9 327885 | ||
| 245 | 1 | 0 | |a Manual de derecho civil |
| 300 | |a 4 v | ||
| 942 | |c BK | ||
| 945 | |d 19940816 00:00:00 |a aalvarez | ||
| 260 | |a Santiago |b Jurídica de Chile |c 1962 | ||
| 500 | |a v.1: Título preliminar del Código Civil | ||
| 500 | |a v.2: Teoría general de los actos jurídicos y teoría general de la prueba | ||
| 500 | |a v.3: De las personas, de los bienes y de la propiedad | ||
| 500 | |a v.4: De la copropiedad, de la propiedad horizontal y de la posesión | ||
| 650 | 0 | |a Derecho civil |9 255013 | |
| 651 | 7 | |a CHILE |2 CL-VaPUC |9 328746 | |
| 583 | |a last modification |c 20130320 00:02:04 |k Rodrigo Vera | ||
| 490 | 0 | |a Manuales jurídicos, 3, 5, 22, 44 | |
| 999 | |c 229776 |d 229774 | ||
| 952 | |0 0 |1 0 |4 0 |6 346_000000000000000_PES_1962 |7 0 |8 ? |9 231335 |a BIBDER |b BIBDER |d 2019-11-15 |h v.1 |i 3008118 |l 1 |o 346 PES 1962 |p 3008118 |r 2024-03-19 |s 2024-03-19 |w 2019-11-15 |y BK |k DER | ||